La roseola del cerdo y su tratamiento (Record no. 163378)

MARC details
000 -LEADER
campo de control de longitud fija 00791nam a22001935i 4500
001 - NÚMERO DE CONTROL
campo de control 163378
003 - IDENTIFICADOR DE NÚMERO DE CONTROL
campo de control ES-MaACL
005 - FECHA Y HORA DE LA ÚLTIMA TRANSACCIÓN
campo de control 20230906212728.0
008 - DATOS DE LONGITUD FIJA--INFORMACIÓN GENERAL
campo de control de longitud fija 940301s1893 sp |||| | spa d
040 ## - FUENTE DE CATALOGACIÓN
Centro catalogador/agencia de origen AS
Lengua de catalogación spa
100 1# - ENTRADA PRINCIPAL--NOMBRE DE PERSONA
Nombre de persona Revel, A.
9 (RLIN) 131737
245 13 - MENCIÓN DEL TÍTULO
Título La roseola del cerdo y su tratamiento
Resto del título : (vacunación pastoriana) /
Mención de responsabilidad, etc. por A. Revel ; traducción de Pedro Estelrich.
260 ## - PUBLICACIÓN, DISTRIBUCIÓN, ETC.
Lugar de publicación, distribución, etc. Palma de Mallorca :
Nombre del editor, distribuidor, etc. [s.n.],
Fecha de publicación, distribución, etc. 1893 (
Fabricante Establecimiento Tipográfico de Amengual y Muntaner)
300 ## - DESCRIPCIÓN FÍSICA
Extensión 75 p. ;
Dimensiones 19 cm.
650 #4 - PUNTO DE ACCESO ADICIONAL DE MATERIA--TÉRMINO DE MATERIA
Término de materia o nombre geográfico como elemento de entrada Roseda-
Subdivisión general Tratamiento.
9 (RLIN) 136836
700 1# - ENTRADA AGREGADA--NOMBRE PERSONAL
Nombre de persona Estelrich, Pedro (
Fechas asociadas al nombre 1844-1912)
9 (RLIN) 48106
852 ## - LOCALIZACIÓN
Ubicación ES-MaACL
Número de control de estantería T-1164-F-1
Nota libre -- Enc. hol., conservando la enc. original
-- -- Ded. del trad. al Ateneo de Madrid
-- -- Enc. en un vol. facticio
Holdings
Estatus retirado Estado de pérdida Fuente del sistema de clasificación o colocación Estado de daño No para préstamo Colección Biblioteca de origen Biblioteca actual Ubicación en estantería Fecha de adquisición Total de préstamos Signatura topográfica completa Código de barras Visto por última vez Precio de reemplazo Tipo de ítem Koha
    Clasificación decimal universal     Colección de folletos Biblioteca del Ateneo de Madrid Biblioteca del Ateneo de Madrid Depósito folletos 17/01/2008   T-1164-F-1 1171205 23/02/2023 23/02/2023 Folleto